El título de Totonicapán

Đã lưu trong:
Chi tiết về thư mục
Những tác giả chính: Carmack, Robert M (Tác giả), Mondloch, James L (Tác giả)
Định dạng: Sách
Ngôn ngữ:Tiếng Tây Ban Nha
Được phát hành: Ciudad de México UNAM 1983
Những chủ đề:
Các nhãn: Thêm thẻ
Không có thẻ, Là người đầu tiên thẻ bản ghi này!

MARC

LEADER 00000nam a2200000 a 4500
001 UCO0726
003 CL-VaPUC
008 000428e19830000MX |||||||||||||||||spa|d
082 0 4 |a 972.81016  |b CAR  |2 21 
100 0 |a Carmack, Robert M  |e author  |9 442164 
700 0 |a Mondloch, James L  |e author  |9 442165 
245 1 3 |a El título de Totonicapán 
300 |a 283 p 
942 |c BK 
945 |d 20000428 00:00:00  |a crobeson 
260 |a Ciudad de México  |b UNAM  |c 1983 
650 7 |a MAYAS  |2 CL-VaPUC  |9 267590 
650 7 |a MAYAS HISTORIA  |2 CL-VaPUC  |9 268559 
650 0 |a Manuscritos   |9 313680 
650 7 |a FUENTES  |2 CL-VaPUC  |9 255666 
650 0 |a Etnolingüística  |9 341076 
583 |a last modification  |c 20000428 00:00:00  |k Rodrigo Vera 
999 |c 287374  |d 287372 
952 |0 0  |1 0  |4 0  |6 972_810160000000000_CAR_1983  |7 0  |8 A  |9 334211  |a BIBHIS  |b BIBHIS  |d 2019-11-20  |i 1272160  |o 972.81016 CAR 1983  |p 1272160  |r 2025-01-20  |w 2019-11-20  |y BK  |k HIS